Lublin - drogi do wolności
| Titel: | Lublin - drogi do wolności / [red. Marcin Skrzypek ...] |
|---|---|
| Beteiligt: | |
| Veröffentlicht: | Lublin : Ośrodek "Brama Grodzka-Teatr NN" |
| Format: | Mehrteiliges Werk |
| Sprache: | Polnisch |
| Schriftenreihe/ mehrbändiges Werk: |
Scriptores ; ... |
| Bände: |
alle Bände anzeigen
|
X
alg: 51116704 001A $03004:30-08-23 001B $03004:30-08-23 $t14:43:16.000 001D $03004:30-08-23 001U $0utf8 001X $00 002@ $0Acu 002C $aText $btxt $2rdacontent 002D $aohne Hilfsmittel zu benutzen $bn $2rdamedia 002E $aBand $bnc $2rdacarrier 003@ $0511167040 007A $0BV039887383 $aBVB 010@ $apol 021A $aLublin - drogi do wolności $h[red. Marcin Skrzypek ...] 028C $BHerausgeber $4edt $8Skrzypek, Marcin [Tnu] $9511167024 033A $pLublin $nOśrodek "Brama Grodzka-Teatr NN" 036E $aScriptores $l... 044K $qBVB $#Lublin $#Ljublin $#Lublin, Urza̜d Miejski $#Urza̜d Miejski Lublin $74036418-5 $8Lublin [Tg1] $908509868X 044K $qBVB $RPresse $RUntergrundpublizistik $#Underground literature $#Underground newspapers $#Underground press publications $#Presse clandestine $#Presse alternative $#Prensa clandestina $#Illegale Presse $#Untergrundzeitung $74186985-0 $8Untergrundpresse [Ts1] $9085915378 045F $a070.9 $eDDC22BSB 045F/01 $a070.9 045F/03 $f0904 045F/03 $g438 045R $aGeschichte 1976-1989 045T $a7,41 lok: 51116704 24 exp: 51116704 24 1 #EPN 201B/01 $030-08-23 $t14:43:16.000 201C/01 $030-08-23 201U/01 $0utf8 203@/01 $01242317090 208@/01 $a30-08-23 $bda 209B/01 $azur Fortsetzung bestellt (050) $x09 220C/01 $ajwa lok: 51116704 78 exp: 51116704 78 1 #EPN 201B/01 $028-02-24 $t22:50:24.000 201C/01 $028-02-24 203@/01 $01257020242 208@/01 $a28-02-24 $bdummy 201U/01 $0utf8
| LEADER | 00000nam a2200000 ca4500 | ||
|---|---|---|---|
| 001 | 511167040 | ||
| 003 | DE-603 | ||
| 005 | 20230830144316.0 | ||
| 007 | tu | ||
| 008 | 230830s xx |||| | u00||u|pol c | ||
| 035 | |a (DE-599)BVBBV039887383 | ||
| 040 | |a DE-603 |b ger |c DE-603 |d DE-603 | ||
| 041 | |a pol | ||
| 082 | 0 | 4 | |8 1\u |a 070.9 |q DE-101 |2 22/BSB |
| 084 | |a 7,41 |2 ssgn | ||
| 085 | |8 1\u |b 070.9 | ||
| 085 | |8 1\u |z 1 |s 0904 | ||
| 085 | |8 1\u |z 2 |s 438 | ||
| 245 | 0 | 0 | |a Lublin - drogi do wolności |c [red. Marcin Skrzypek ...] |
| 264 | 1 | |a Lublin |b Ośrodek "Brama Grodzka-Teatr NN" | |
| 336 | |a Text |b txt |2 rdacontent | ||
| 337 | |a ohne Hilfsmittel zu benutzen |b n |2 rdamedia | ||
| 338 | |a Band |b nc |2 rdacarrier | ||
| 490 | 0 | |a Scriptores |v ... | |
| 648 | 7 | |a Geschichte 1976-1989 |2 gnd | |
| 650 | 7 | |a Untergrundpresse |0 (DE-588)4186985-0 |0 (DE-603)085915378 |2 gnd | |
| 651 | 7 | |a Lublin |0 (DE-588)4036418-5 |0 (DE-603)08509868X |2 gnd | |
| 700 | 1 | |a Skrzypek, Marcin |e Herausgeber |4 edt |0 (DE-603)511167024 | |
| 924 | 0 | |9 603 |a (DE-603)1242317090 |b DE-603 |c HES |d d | |
| 924 | 0 | |9 603 |a (DE-603)1257020242 |b DE-603 |c HES |d d | |


